[Event "V4Liptov2018"]
[Site "?"]
[Date "2018.06.23"]
[Round "1.17"]
[White "Pogadl, Jakub"]
[Black "Sandor, Martin"]
[Result "1/2-1/2"]
[BlackElo "1984"]
[WhiteElo "1647"]
[LiveChessVersion "1.4.8"]

1. c4 {[%clk 1:00:58]} e6 {[%clk 1:00:54]} 2. g3 {[%clk 1:01:03]} Nf6
{[%clk 1:00:26]} 3. Bg2 {[%clk 1:01:17]} d5 {[%clk 0:59:57]} 4. cxd5
{[%clk 0:59:42]} exd5 {[%clk 1:00:16]} 5. d4 {[%clk 0:58:39]} c6 {[%clk 1:00:06]}
6. Nc3 {[%clk 0:56:24]} Bf5 {[%clk 0:58:24]} 7. Nf3 {[%clk 0:55:06]} Bd6
{[%clk 0:57:07]} 8. O-O {[%clk 0:51:41]} Nbd7 {[%clk 0:55:41]} 9. Re1
{[%clk 0:50:01]} O-O {[%clk 0:54:50]} 10. Nh4 {[%clk 0:47:08]} Bg6
{[%clk 0:52:16]} 11. Nxg6 {[%clk 0:46:18]} hxg6 {[%clk 0:52:17]} 12. Bg5
{[%clk 0:41:35]} Qb6 {[%clk 0:45:18]} 13. Qd2 {[%clk 0:41:34]} Rfe8
{[%clk 0:43:46]} 14. e4 {[%clk 0:40:14]} dxe4 {[%clk 0:43:31]} 15. Bxf6
{[%clk 0:38:52]} Nxf6 {[%clk 0:43:20]} 16. Nxe4 {[%clk 0:37:22]} Nxe4
{[%clk 0:43:36]} 17. Rxe4 {[%clk 0:37:42]} Rxe4 {[%clk 0:43:50]} 18. Bxe4
{[%clk 0:38:02]} Re8 {[%clk 0:43:59]} 19. Bg2 {[%clk 0:37:21]} Qb5
{[%clk 0:36:30]} 20. Bf1 {[%clk 0:35:52]} Qf5 {[%clk 0:29:32]} 21. Rc1
{[%clk 0:33:59]} Rd8 {[%clk 0:26:31]} 22. Qe3 {[%clk 0:32:08]} Qd7
{[%clk 0:22:41]} 23. Bg2 {[%clk 0:29:43]} Bc7 {[%clk 0:20:57]} 24. d5
{[%clk 0:26:11]} Bb6 {[%clk 0:20:07]} 25. Qb3 {[%clk 0:18:28]} cxd5
{[%clk 0:18:52]} 26. Rd1 {[%clk 0:16:41]} d4 {[%clk 0:18:47]} 27. Rd3
{[%clk 0:16:00]} Re8 {[%clk 0:17:49]} 28. Bf1 {[%clk 0:15:01]} Qf5
{[%clk 0:15:44]} 29. Rf3 {[%clk 0:13:22]} Qd7 {[%clk 0:09:12]} 30. Rxf7
{[%clk 0:09:43]} Qxf7 {[%clk 0:09:25]} 31. Bc4 {[%clk 0:10:05]} Qxc4
{[%clk 0:09:10]} 32. Qxc4+ {[%clk 0:10:23]} Kh7 {[%clk 0:09:30]} 33. Qd3
{[%clk 0:09:19]} Re5 {[%clk 0:08:12]} 34. h4 {[%clk 0:07:29]} Rf5
{[%clk 0:03:54]} 35. g4 {[%clk 0:05:05]} Re5 {[%clk 0:03:28]} 36. Kg2
{[%clk 0:03:17]} Ra5 {[%clk 0:02:24]} 37. a3 {[%clk 0:03:18]} Re5
{[%clk 0:02:50]} 38. Kh3 {[%clk 0:02:57]} Bc5 {[%clk 0:02:39]} 39. h5
{[%clk 0:01:58]} Re6 {[%clk 0:02:16]} 40. Qc4 {[%clk 0:01:55]} Rc6
{[%clk 0:02:09]} 41. hxg6+ {[%clk 0:01:48]} Kxg6 {[%clk 0:02:30]} 42. Qd3+
{[%clk 0:01:48]} Kf7 {[%clk 0:02:44]} 43. Qf5+ {[%clk 0:02:01]} Kg8
{[%clk 0:03:09]} 44. Qd5+ {[%clk 0:01:55]} Kh7 {[%clk 0:03:29]} 45. g5
{[%clk 0:01:45]} Bb6 {[%clk 0:01:14]} 46. Qf7 {[%clk 0:01:24]} Rd6
{[%clk 0:00:44]} 47. Qh5+ {[%clk 0:00:56]} Kg8 {[%clk 0:01:11]} 48. g6
{[%clk 0:01:07]} d3 {[%clk 0:01:30]} 49. Qf5 {[%clk 0:01:02]} Rd8
{[%clk 0:01:40]} 50. Qe6+ {[%clk 0:00:40]} Kh8 {[%clk 0:02:01]} 51. Kg2
{[%clk 0:00:56]} d2 {[%clk 0:01:20]} 52. Qh3+ {[%clk 0:01:18]} Kg8
{[%clk 0:01:47]} 53. Qe6+ {[%clk 0:01:42]} Kh8 {[%clk 0:02:14]} 54. Qh3+
{[%clk 0:02:06]} Kg8 {[%clk 0:02:41]} 55. Qe6+ {[%clk 0:00:38]} 1/2-1/2

[Event "V4Liptov2018"]
[Site "?"]
[Date "2018.06.23"]
[Round "1.18"]
[White "Bochnicka, Vladimir"]
[Black "Taragel, Marian"]
[Result "1-0"]
[BlackElo "1609"]
[WhiteElo "2016"]
[LiveChessVersion "1.4.8"]

1. e4 {[%clk 1:00:57]} e5 {[%clk 1:00:25]} 2. Nf3 {[%clk 1:01:21]} Nc6
{[%clk 1:00:09]} 3. Bc4 {[%clk 1:01:46]} Bc5 {[%clk 0:58:58]} 4. c3
{[%clk 1:02:03]} Nf6 {[%clk 0:57:54]} 5. d3 {[%clk 1:02:21]} d6 {[%clk 0:56:30]}
6. Nbd2 {[%clk 1:01:43]} O-O {[%clk 0:54:30]} 7. Nf1 {[%clk 1:00:15]} d5
{[%clk 0:52:14]} 8. exd5 {[%clk 0:58:55]} Nxd5 {[%clk 0:51:04]} 9. Ng3
{[%clk 0:57:42]} a6 {[%clk 0:46:00]} 10. O-O {[%clk 0:55:53]} Ba7
{[%clk 0:44:52]} 11. Re1 {[%clk 0:53:38]} Re8 {[%clk 0:39:32]} 12. Bb3
{[%clk 0:45:33]} h6 {[%clk 0:38:23]} 13. d4 {[%clk 0:40:49]} exd4
{[%clk 0:35:29]} 14. Rxe8+ {[%clk 0:37:56]} Qxe8 {[%clk 0:35:22]} 15. Bxd5
{[%clk 0:37:59]} dxc3 {[%clk 0:34:20]} 16. bxc3 {[%clk 0:37:45]} Be6
{[%clk 0:33:29]} 17. Bxe6 {[%clk 0:36:35]} Qxe6 {[%clk 0:33:26]} 18. Qb3
{[%clk 0:36:03]} Qxb3 {[%clk 0:29:34]} 19. axb3 {[%clk 0:36:26]} Rd8
{[%clk 0:28:50]} 20. Kf1 {[%clk 0:33:00]} Rd3 {[%clk 0:27:27]} 21. Bb2
{[%clk 0:31:52]} Ne7 {[%clk 0:21:58]} 22. Ke2 {[%clk 0:31:46]} Rd7
{[%clk 0:21:41]} 23. c4 {[%clk 0:27:25]} Ng6 {[%clk 0:20:21]} 24. Nf5
{[%clk 0:25:21]} Nf4+ {[%clk 0:16:59]} 25. Kf1 {[%clk 0:24:47]} f6
{[%clk 0:15:20]} 26. Bd4 {[%clk 0:20:53]} Bxd4 {[%clk 0:14:17]} 27. N5xd4
{[%clk 0:21:15]} c5 {[%clk 0:14:13]} 28. Ne2 {[%clk 0:20:56]} Ne6
{[%clk 0:13:11]} 29. Re1 {[%clk 0:20:03]} Kf7 {[%clk 0:11:53]} 30. Nc3
{[%clk 0:19:43]} Nc7 {[%clk 0:11:42]} 31. Rd1 {[%clk 0:19:49]} Rxd1+
{[%clk 0:11:18]} 32. Nxd1 {[%clk 0:20:13]} b5 {[%clk 0:11:26]} 33. Ke2
{[%clk 0:19:43]} bxc4 {[%clk 0:10:15]} 34. bxc4 {[%clk 0:20:08]} Ke6
{[%clk 0:09:35]} 35. Kd3 {[%clk 0:20:00]} a5 {[%clk 0:09:10]} 36. Nc3
{[%clk 0:20:17]} Kd6 {[%clk 0:08:32]} 37. Nd2 {[%clk 0:19:59]} Kc6
{[%clk 0:07:47]} 38. Nb3 {[%clk 0:20:19]} Kb6 {[%clk 0:07:46]} 39. Na4+
{[%clk 0:20:34]} Kc6 {[%clk 0:07:43]} 40. Nxa5+ {[%clk 0:20:53]} Kd6
{[%clk 0:07:45]} 41. Nb7+ {[%clk 0:21:12]} 1-0

[Event "V4Liptov2018"]
[Site "?"]
[Date "2018.06.23"]
[Round "1.19"]
[White "Ciglian, Michal"]
[Black "Vozarova, Adriana"]
[Result "1/2-1/2"]
[BlackElo "1773"]
[WhiteElo "1518"]
[LiveChessVersion "1.4.8"]

1. d4 {[%clk 1:00:57]} d5 {[%clk 1:00:49]} 2. c4 {[%clk 1:01:21]} e6
{[%clk 1:01:08]} 3. Nc3 {[%clk 1:01:29]} c6 {[%clk 1:00:39]} 4. Bf4
{[%clk 1:01:40]} Bd6 {[%clk 0:59:36]} 5. Bg3 {[%clk 1:00:40]} Nf6
{[%clk 0:58:26]} 6. Nf3 {[%clk 0:59:52]} O-O {[%clk 0:57:26]} 7. e3
{[%clk 0:59:47]} c5 {[%clk 0:52:34]} 8. Bxd6 {[%clk 0:59:05]} Qxd6
{[%clk 0:52:43]} 9. Nb5 {[%clk 0:59:29]} Qb6 {[%clk 0:49:04]} 10. dxc5
{[%clk 0:59:33]} Qxc5 {[%clk 0:48:41]} 11. cxd5 {[%clk 0:59:45]} Nxd5
{[%clk 0:47:16]} 12. Qd2 {[%clk 0:58:46]} Bd7 {[%clk 0:44:51]} 13. Rc1
{[%clk 0:58:22]} Qb6 {[%clk 0:44:18]} 14. Nc3 {[%clk 0:57:57]} Nf6
{[%clk 0:37:59]} 15. Bd3 {[%clk 0:57:19]} Rd8 {[%clk 0:36:27]} 16. Qc2
{[%clk 0:57:15]} Nc6 {[%clk 0:35:55]} 17. a3 {[%clk 0:57:29]} Rac8
{[%clk 0:35:32]} 18. O-O {[%clk 0:56:37]} Na5 {[%clk 0:34:14]} 19. Qe2
{[%clk 0:55:53]} Nb3 {[%clk 0:28:23]} 20. Rcd1 {[%clk 0:55:58]} Nc5
{[%clk 0:21:24]} 21. Bb1 {[%clk 0:55:34]} Na4 {[%clk 0:15:54]} 22. Nxa4
{[%clk 0:54:25]} Bxa4 {[%clk 0:16:12]} 23. Rxd8+ {[%clk 0:54:41]} Rxd8
{[%clk 0:16:30]} 24. Rc1 {[%clk 0:54:42]} Bb5 {[%clk 0:12:35]} 25. Qc2
{[%clk 0:54:44]} Bd3 {[%clk 0:11:16]} 26. Qc3 {[%clk 0:54:19]} Ne4
{[%clk 0:10:00]} 27. Qe1 {[%clk 0:49:27]} Bxb1 {[%clk 0:08:19]} 28. Rxb1
{[%clk 0:49:50]} h6 {[%clk 0:06:55]} 29. h3 {[%clk 0:49:04]} Rc8 {[%clk 0:06:49]}
30. Rc1 {[%clk 0:48:47]} Rxc1 {[%clk 0:05:42]} 31. Qxc1 {[%clk 0:47:41]} Nc5
{[%clk 0:03:34]} 32. b4 {[%clk 0:45:22]} Ne4 {[%clk 0:01:57]} 33. Qc8+
{[%clk 0:45:40]} Kh7 {[%clk 0:02:17]} 34. Qc2 {[%clk 0:45:54]} f5
{[%clk 0:02:21]} 35. Nd4 {[%clk 0:45:54]} h5 {[%clk 0:00:53]} 1/2-1/2

[Event "V4Liptov2018"]
[Site "?"]
[Date "2018.06.23"]
[Round "1.20"]
[White "Valigursky, Michal"]
[Black "Subjakova, Kristina"]
[Result "1/2-1/2"]
[BlackElo "1526"]
[WhiteElo "1623"]
[LiveChessVersion "1.4.8"]

1. e4 {[%clk 1:00:30]} e5 {[%clk 1:00:54]} 2. Nf3 {[%clk 1:00:45]} Nc6
{[%clk 1:01:20]} 3. d4 {[%clk 1:01:02]} exd4 {[%clk 1:01:46]} 4. Bc4
{[%clk 1:01:24]} Be7 {[%clk 1:02:01]} 5. O-O {[%clk 1:00:38]} d6 {[%clk 1:02:23]}
6. Re1 {[%clk 0:56:07]} Bg4 {[%clk 1:01:57]} 7. Qd3 {[%clk 0:55:24]} Bxf3
{[%clk 1:00:38]} 8. gxf3 {[%clk 0:55:36]} Nf6 {[%clk 0:59:37]} 9. f4
{[%clk 0:50:53]} O-O {[%clk 0:57:35]} 10. Qg3 {[%clk 0:39:40]} Nxe4
{[%clk 0:53:40]} 11. Qg2 {[%clk 0:25:40]} Nc5 {[%clk 0:51:16]} 12. Nd2
{[%clk 0:24:24]} Nb4 {[%clk 0:50:17]} 13. Kh1 {[%clk 0:19:11]} Nxc2
{[%clk 0:50:29]} 14. Rg1 {[%clk 0:19:32]} Bf6 {[%clk 0:49:32]} 15. Ne4
{[%clk 0:18:04]} Nxe4 {[%clk 0:49:33]} 16. Qxe4 {[%clk 0:18:05]} Nxa1
{[%clk 0:49:13]} 17. Bd3 {[%clk 0:18:02]} g6 {[%clk 0:48:31]} 18. f5
{[%clk 0:18:00]} Bg7 {[%clk 0:44:51]} 19. Bc4 {[%clk 0:08:13]} Kh8
{[%clk 0:42:02]} 20. Bg5 {[%clk 0:04:59]} Bf6 {[%clk 0:42:13]} 21. Bh6
{[%clk 0:04:54]} Re8 {[%clk 0:42:33]} 22. Qg2 {[%clk 0:04:01]} Qe7
{[%clk 0:41:49]} 23. fxg6 {[%clk 0:03:58]} fxg6 {[%clk 0:42:01]} 24. Bd3
{[%clk 0:03:33]} Bg7 {[%clk 0:39:45]} 25. Bg5 {[%clk 0:03:52]} Qd7
{[%clk 0:39:14]} 26. Rxa1 {[%clk 0:03:39]} Qc6 {[%clk 0:39:01]} 27. f3
{[%clk 0:03:54]} d5 {[%clk 0:38:11]} 28. Bf4 {[%clk 0:03:11]} Qb6 29. b3 Re6
{[%clk 0:36:17]} 30. Qh3 {[%clk 0:02:18]} Rae8 {[%clk 0:36:19]} 31. Bd2
{[%clk 0:02:30]} c5 {[%clk 0:35:45]} 32. Rc1 {[%clk 0:02:47]} Qd6
{[%clk 0:35:00]} 33. Qh4 {[%clk 0:01:32]} a6 {[%clk 0:34:17]} 34. a4
{[%clk 0:01:03]} Qe7 {[%clk 0:32:37]} 35. Qg3 {[%clk 0:01:16]} Rc8
{[%clk 0:31:24]} 36. f4 {[%clk 0:00:46]} Qc7 {[%clk 0:26:39]} 37. Qh3
{[%clk 0:01:01]} Rc6 {[%clk 0:23:34]} 38. f5 {[%clk 0:01:03]} Kg8
{[%clk 0:23:46]} 39. fxg6 {[%clk 0:01:05]} hxg6 {[%clk 0:23:52]} 40. Rg1
{[%clk 0:00:58]} Qf7 {[%clk 0:18:40]} 41. Bxg6 {[%clk 0:01:05]} Rxg6
{[%clk 0:18:36]} 42. Qxc8+ {[%clk 0:01:25]} Bf8 {[%clk 0:18:43]} 43. Rxg6+
{[%clk 0:00:51]} Qxg6 {[%clk 0:19:02]} 44. Qxb7 {[%clk 0:00:59]} Qe4+
{[%clk 0:19:12]} 45. Kg1 {[%clk 0:01:23]} Qg4+ {[%clk 0:19:15]} 46. Kf2
{[%clk 0:01:42]} Qf5+ {[%clk 0:18:59]} 47. Kg1 {[%clk 0:01:31]} 1/2-1/2

[Event "V4Liptov2018"]
[Site "?"]
[Date "2018.06.23"]
[Round "1.21"]
[White "Szczurek, Krzysztof"]
[Black "Postanogov, Dmitrii"]
[Result "1-0"]
[BlackElo "1743"]
[WhiteElo "2075"]
[LiveChessVersion "1.4.8"]

1. e4 {[%clk 1:00:57]} c6 {[%clk 1:00:55]} 2. d4 {[%clk 1:01:04]} d5
{[%clk 1:01:18]} 3. exd5 {[%clk 1:01:07]} cxd5 {[%clk 1:01:43]} 4. Bd3
{[%clk 1:01:27]} Nc6 {[%clk 1:01:58]} 5. c3 {[%clk 1:01:45]} Qc7 {[%clk 1:02:23]}
6. h3 {[%clk 1:01:25]} Nf6 {[%clk 0:58:16]} 7. Nf3 {[%clk 0:58:49]} e6
{[%clk 0:55:35]} 8. Qc2 {[%clk 0:57:17]} h6 {[%clk 0:53:26]} 9. Be3
{[%clk 0:53:17]} Bd6 {[%clk 0:53:45]} 10. Nbd2 {[%clk 0:52:23]} Bd7
{[%clk 0:52:01]} 11. Nb3 {[%clk 0:43:50]} b6 {[%clk 0:49:34]} 12. O-O-O
{[%clk 0:36:22]} a5 {[%clk 0:39:26]} 13. g4 {[%clk 0:34:00]} a4 {[%clk 0:29:42]}
14. Nbd2 {[%clk 0:34:13]} a3 {[%clk 0:30:04]} 15. b3 {[%clk 0:34:16]} Na5
{[%clk 0:25:05]} 16. Kb1 {[%clk 0:30:04]} Rc8 {[%clk 0:23:17]} 17. Rc1
{[%clk 0:30:12]} b5 {[%clk 0:23:34]} 18. g5 {[%clk 0:27:43]} Nh5 {[%clk 0:22:44]}
19. gxh6 {[%clk 0:27:31]} gxh6 {[%clk 0:23:05]} 20. Ne5 {[%clk 0:27:34]} Bxe5
{[%clk 0:19:13]} 21. dxe5 {[%clk 0:27:58]} Nc6 {[%clk 0:19:38]} 22. f4
{[%clk 0:26:03]} Qb7 {[%clk 0:18:50]} 23. Qd1 {[%clk 0:21:34]} Ng7
{[%clk 0:14:51]} 24. Qg4 {[%clk 0:18:28]} Nf5 {[%clk 0:15:04]} 25. Bxf5
{[%clk 0:18:38]} exf5 {[%clk 0:15:30]} 26. Qg7 {[%clk 0:18:58]} Rf8
{[%clk 0:15:49]} 27. Bc5 {[%clk 0:14:31]} Ne7 {[%clk 0:16:11]} 28. Bxa3
{[%clk 0:14:44]} Qa7 {[%clk 0:06:44]} 29. Bb4 {[%clk 0:09:18]} Rc6
{[%clk 0:06:15]} 30. Qg1 {[%clk 0:07:53]} Qb7 {[%clk 0:04:25]} 31. Nf3
{[%clk 0:07:05]} Rg8 {[%clk 0:03:42]} 32. Qf2 {[%clk 0:06:33]} Ng6
{[%clk 0:03:23]} 33. Rhg1 {[%clk 0:05:57]} Rh8 {[%clk 0:02:55]} 34. Nd4
{[%clk 0:05:58]} Ra6 {[%clk 0:03:01]} 35. Rce1 {[%clk 0:04:17]} Qa7
{[%clk 0:02:01]} 36. a3 {[%clk 0:03:19]} Be6 {[%clk 0:01:23]} 37. Qd2
{[%clk 0:02:28]} Qd7 {[%clk 0:00:42]} 38. Ref1 {[%clk 0:02:37]} Ra8
{[%clk 0:00:46]} 39. Rg3 {[%clk 0:02:30]} Rb8 {[%clk 0:00:53]} 40. Rfg1
{[%clk 0:02:44]} Rg8 {[%clk 0:01:13]} 41. h4 {[%clk 0:03:01]} h5 {[%clk 0:01:25]}
42. Rg5 {[%clk 0:03:22]} Rh8 {[%clk 0:01:38]} 43. Qe2 {[%clk 0:02:22]} Kd8
{[%clk 0:01:34]} 44. Rxh5 {[%clk 0:02:20]} Re8 {[%clk 0:01:39]} 45. Qf2
{[%clk 0:02:24]} Kc8 {[%clk 0:01:53]} 46. Rh7 {[%clk 0:02:37]} 1-0

[Event "V4Liptov2018"]
[Site "?"]
[Date "2018.06.23"]
[Round "1.22"]
[White "Sorokin, Artem"]
[Black "Dylag, Emilia"]
[Result "0-1"]
[BlackElo "1935"]
[WhiteElo "1592"]
[LiveChessVersion "1.4.8"]

1. e4 {[%clk 1:00:58]} c5 {[%clk 1:00:50]} 2. Nf3 {[%clk 1:01:23]} d6
{[%clk 1:01:06]} 3. d4 {[%clk 1:01:49]} cxd4 {[%clk 1:01:26]} 4. Nxd4
{[%clk 1:02:13]} Nf6 {[%clk 1:01:38]} 5. Nc3 {[%clk 1:02:35]} a6 {[%clk 1:01:48]}
6. Be2 {[%clk 1:02:15]} e5 {[%clk 1:01:33]} 7. Nb3 {[%clk 1:01:46]} Be7
{[%clk 1:00:38]} 8. Be3 {[%clk 0:58:32]} Be6 {[%clk 0:59:10]} 9. O-O
{[%clk 0:51:09]} O-O {[%clk 0:58:25]} 10. Qd2 {[%clk 0:45:58]} Nbd7
{[%clk 0:55:27]} 11. f4 {[%clk 0:37:40]} exf4 12. Bxf4 {[%clk 0:37:59]} Ne5
{[%clk 0:54:50]} 13. Kh1 {[%clk 0:24:32]} b5 {[%clk 0:49:55]} 14. Nd4
{[%clk 0:21:14]} b4 {[%clk 0:44:01]} 15. Nd5 {[%clk 0:16:07]} Nxe4
{[%clk 0:19:26]} 16. Nxe7+ {[%clk 0:15:37]} Qxe7 {[%clk 0:19:50]} 17. Qe3
{[%clk 0:09:40]} Nc5 {[%clk 0:06:14]} 18. Bxe5 {[%clk 0:06:09]} dxe5
{[%clk 0:06:29]} 19. Qxe5 {[%clk 0:05:50]} Nd7 {[%clk 0:03:44]} 20. Qg3
{[%clk 0:02:02]} Bd5 {[%clk 0:01:36]} 21. Bd3 {[%clk 0:01:35]} Qe5
{[%clk 0:00:49]} 22. Qh4 {[%clk 0:01:07]} h6 {[%clk 0:00:40]} 23. Rae1
{[%clk 0:00:50]} Qg5 {[%clk 0:00:41]} 24. Qh3 {[%clk 0:00:37]} Nf6
{[%clk 0:00:41]} 25. Rf5 {[%clk 0:00:42]} Qd2 {[%clk 0:00:43]} 26. Ref1
{[%clk 0:00:45]} Rae8 {[%clk 0:00:40]} 27. Rxf6 {[%clk 0:00:37]} gxf6
{[%clk 0:00:58]} 28. Nf5 {[%clk 0:00:38]} h5 {[%clk 0:01:07]} 29. Rg1
{[%clk 0:00:36]} Qg5 {[%clk 0:00:55]} 30. Nd4 {[%clk 0:00:38]} Re3
{[%clk 0:01:08]} 31. Qd7 {[%clk 0:00:44]} Bxg2+ {[%clk 0:01:21]} 0-1

[Event "V4Liptov2018"]
[Site "?"]
[Date "2018.06.23"]
[Round "1.23"]
[White "Wasik, Mateusz"]
[Black "Vorobieva, Varvara"]
[Result "0-1"]
[BlackElo "1604"]
[WhiteElo "1652"]
[LiveChessVersion "1.4.8"]

1. d4 {[%clk 1:00:58]} d5 {[%clk 1:00:50]} 2. Bf4 {[%clk 1:01:24]} Nf6
{[%clk 1:01:13]} 3. e3 {[%clk 1:01:42]} c5 {[%clk 1:01:01]} 4. c3
{[%clk 1:02:07]} e6 {[%clk 1:00:17]} 5. Nf3 {[%clk 1:02:24]} Be7 {[%clk 1:00:07]}
6. Nbd2 {[%clk 1:02:37]} O-O {[%clk 0:57:22]} 7. Bd3 {[%clk 1:01:28]} Nc6
{[%clk 0:55:54]} 8. O-O {[%clk 1:01:50]} Nh5 {[%clk 0:47:03]} 9. Be5
{[%clk 0:59:33]} g6 {[%clk 0:38:32]} 10. g4 {[%clk 0:54:48]} Ng7 {[%clk 0:30:14]}
11. Kh1 {[%clk 0:50:10]} Nxe5 {[%clk 0:24:09]} 12. Nxe5 {[%clk 0:49:15]} f6
{[%clk 0:23:05]} 13. Nef3 {[%clk 0:49:21]} Bd7 {[%clk 0:22:58]} 14. e4
{[%clk 0:44:27]} dxe4 {[%clk 0:20:24]} 15. Bxe4 {[%clk 0:42:52]} Bc6
{[%clk 0:16:50]} 16. Bxc6 {[%clk 0:41:16]} bxc6 {[%clk 0:17:13]} 17. Ne4
{[%clk 0:40:56]} Qd5 {[%clk 0:16:38]} 18. Qe2 {[%clk 0:40:09]} f5
{[%clk 0:15:16]} 19. gxf5 {[%clk 0:39:48]} exf5 {[%clk 0:14:37]} 20. Ned2
{[%clk 0:35:28]} Bf6 {[%clk 0:14:49]} 21. c4 {[%clk 0:34:45]} Qd6
{[%clk 0:14:50]} 22. dxc5 {[%clk 0:34:00]} Qxc5 {[%clk 0:15:10]} 23. Nb3
{[%clk 0:33:57]} Qb6 {[%clk 0:14:11]} 24. c5 {[%clk 0:33:14]} Qb4
{[%clk 0:12:41]} 25. Rac1 {[%clk 0:31:48]} Rfe8 {[%clk 0:12:08]} 26. Qc4+
{[%clk 0:31:11]} Qxc4 {[%clk 0:12:26]} 27. Rxc4 {[%clk 0:31:39]} Bxb2
{[%clk 0:12:25]} 28. Nfd4 {[%clk 0:31:13]} Rac8 {[%clk 0:11:09]} 29. Rc2
{[%clk 0:30:37]} Bxd4 {[%clk 0:10:39]} 30. Nxd4 {[%clk 0:30:53]} Ne6
{[%clk 0:10:42]} 31. Nb3 {[%clk 0:18:15]} Nf4 {[%clk 0:10:53]} 32. Nd4
{[%clk 0:15:47]} Re4 {[%clk 0:10:14]} 33. Rd2 {[%clk 0:15:50]} Rd8
{[%clk 0:09:04]} 34. Rfd1 {[%clk 0:15:46]} Rd5 {[%clk 0:07:57]} 35. Nf3
{[%clk 0:12:17]} Rxd2 {[%clk 0:07:35]} 36. Rxd2 {[%clk 0:11:59]} Rc4
{[%clk 0:05:57]} 37. Rd8+ {[%clk 0:11:46]} Kg7 {[%clk 0:04:30]} 38. Rd7+
{[%clk 0:11:44]} Kf6 {[%clk 0:03:47]} 39. h4 {[%clk 0:09:45]} Rxc5
{[%clk 0:03:16]} 40. Rxa7 {[%clk 0:09:44]} h6 {[%clk 0:02:52]} 41. a4
{[%clk 0:07:12]} Rc1+ {[%clk 0:01:59]} 42. Kh2 {[%clk 0:07:30]} Rc2
{[%clk 0:02:19]} 43. Kg3 {[%clk 0:07:25]} Nd3 {[%clk 0:01:35]} 44. Ra6
{[%clk 0:07:29]} Nb4 {[%clk 0:01:22]} 45. Rb6 {[%clk 0:07:33]} Nd5
{[%clk 0:01:48]} 46. Ra6 {[%clk 0:07:43]} Nb4 {[%clk 0:02:15]} 47. Rb6
{[%clk 0:07:30]} f4+ {[%clk 0:02:18]} 48. Kg2 {[%clk 0:07:02]} Nd5
{[%clk 0:02:41]} 49. Ra6 {[%clk 0:03:38]} Ne3+ {[%clk 0:01:30]} 50. Kg1
{[%clk 0:03:14]} Rc1+ {[%clk 0:01:26]} 51. Kh2 {[%clk 0:03:30]} Ng4+
{[%clk 0:01:50]} 52. Kg2 {[%clk 0:02:46]} Rc2 {[%clk 0:02:02]} 53. a5
{[%clk 0:01:35]} Rxf2+ {[%clk 0:02:02]} 54. Kh3 {[%clk 0:01:50]} h5
{[%clk 0:02:05]} 55. Rxc6+ {[%clk 0:02:13]} Kf5 {[%clk 0:01:53]} 56. Rc3
{[%clk 0:01:49]} Ra2 {[%clk 0:01:19]} 57. Nd4+ {[%clk 0:00:41]} Ke4
{[%clk 0:01:37]} 58. Nc2 {[%clk 0:00:41]} Rxa5 {[%clk 0:01:41]} 59. Nb4
{[%clk 0:00:00]} 0-1

[Event "V4Liptov2018"]
[Site "?"]
[Date "2018.06.23"]
[Round "1.24"]
[White "Usarova, Evita"]
[Black "Jozefczyk, Szymon"]
[Result "1/2-1/2"]
[BlackElo "1643"]
[WhiteElo "1589"]
[LiveChessVersion "1.4.8"]

1. e4 {[%clk 1:00:57]} c5 {[%clk 1:00:49]} 2. d4 {[%clk 1:01:21]} cxd4
{[%clk 1:00:35]} 3. c3 {[%clk 1:01:46]} e6 {[%clk 0:57:23]} 4. Nf3
{[%clk 0:51:33]} Nc6 {[%clk 0:53:20]} 5. Nxd4 {[%clk 0:48:16]} Nxd4
{[%clk 0:52:09]} 6. Qxd4 {[%clk 0:46:21]} Ne7 {[%clk 0:48:54]} 7. Bd3
{[%clk 0:43:21]} Nc6 {[%clk 0:45:51]} 8. Qe3 {[%clk 0:43:29]} Qc7
{[%clk 0:42:01]} 9. O-O {[%clk 0:39:43]} b6 {[%clk 0:37:32]} 10. Nd2
{[%clk 0:37:29]} Bc5 {[%clk 0:33:11]} 11. Qe2 {[%clk 0:37:39]} Ne5
{[%clk 0:30:04]} 12. Bc2 {[%clk 0:36:28]} Bb7 {[%clk 0:27:45]} 13. Nb3
{[%clk 0:35:42]} Be7 {[%clk 0:22:24]} 14. f4 {[%clk 0:29:14]} Nc4
{[%clk 0:17:38]} 15. Qg4 {[%clk 0:22:52]} g6 {[%clk 0:14:37]} 16. Kh1
{[%clk 0:07:42]} O-O-O {[%clk 0:11:02]} 17. Nd4 {[%clk 0:06:45]} Rhg8
{[%clk 0:08:48]} 18. b3 {[%clk 0:04:04]} Nd6 {[%clk 0:06:21]} 19. Ba3
{[%clk 0:02:27]} a6 {[%clk 0:04:15]} 20. Rac1 {[%clk 0:02:02]} Kb8
{[%clk 0:03:58]} 21. Rfd1 {[%clk 0:01:30]} Rde8 {[%clk 0:03:46]} 22. e5
{[%clk 0:01:10]} Nf5 {[%clk 0:03:20]} 23. Bxe7 {[%clk 0:01:31]} Nxe7
{[%clk 0:03:33]} 24. c4 {[%clk 0:01:25]} Nf5 {[%clk 0:03:37]} 25. Qe2
{[%clk 0:01:16]} Qc5 {[%clk 0:02:55]} 26. Nf3 {[%clk 0:01:01]} Qe3
{[%clk 0:01:10]} 27. Qxe3 {[%clk 0:00:38]} Nxe3 {[%clk 0:01:05]} 28. Rxd7
{[%clk 0:01:04]} Rd8 {[%clk 0:00:58]} 29. Rxd8+ {[%clk 0:00:53]} Rxd8
{[%clk 0:01:24]} 30. Bb1 {[%clk 0:01:00]} Bxf3 {[%clk 0:01:33]} 31. gxf3
{[%clk 0:01:26]} Rd2 {[%clk 0:01:55]} 32. Re1 {[%clk 0:01:08]} Ng2
{[%clk 0:02:01]} 33. Rc1 {[%clk 0:01:05]} Nxf4 {[%clk 0:02:21]} 34. a4
{[%clk 0:00:59]} Kb7 {[%clk 0:02:05]} 35. Be4+ {[%clk 0:01:00]} Kb8
{[%clk 0:02:09]} 36. Rb1 {[%clk 0:00:43]} f5 {[%clk 0:02:07]} 37. exf6
{[%clk 0:01:03]} Rd8 {[%clk 0:02:07]} 38. f7 {[%clk 0:01:15]} Rf8
{[%clk 0:02:29]} 39. Rd1 {[%clk 0:01:23]} Kc7 {[%clk 0:02:21]} 40. Kg1
{[%clk 0:00:45]} Rxf7 {[%clk 0:02:33]} 41. Kf2 {[%clk 0:01:04]} Nh3+
{[%clk 0:02:47]} 42. Ke3 {[%clk 0:01:14]} Ng5 {[%clk 0:02:52]} 43. b4
{[%clk 0:00:51]} Nxe4 {[%clk 0:02:44]} 44. Kxe4 {[%clk 0:01:06]} Rf5
{[%clk 0:03:04]} 45. f4 {[%clk 0:01:07]} g5 {[%clk 0:02:04]} 1/2-1/2